[Event "Las Americas Team op U2400 Hybrid"]
[Site "Internet"]
[Date "2022.05.14"]
[Round "5.8"]
[White "Oropeza Brito, David Arturo"]
[Black "Echeto Hernandez, Moises"]
[Result "0-1"]
[WhiteElo "1731"]
[BlackElo "1762"]
[PlyCount "60"]
[EventDate "2022.05.14"]
[EventType "team-swiss"]
[EventRounds "5"]
[EventCountry "VEN"]
[SourceTitle "EXT 2023"]
[Source "ChessBase"]
[SourceDate "2022.10.05"]
[SourceVersion "1"]
[SourceVersionDate "2022.10.05"]
[SourceQuality "1"]

1. d4 d5 2. c4 e6 3. Nc3 Nf6 4. c5 Be7 5. Bf4 0-0 6. e3 b6 7. b4 a5 8. a3 c6 9. Nf3 Nbd7 10. h3 Re8 11. b5 Bb7 12. Qc1 bxc5 13. dxc5 Nxc5 14. Rb1 Bd6 15. Bxd6 Qxd6 16. bxc6 Bxc6 17. Rb6 Qc7 18. Rxc6 Qxc6 19. Bb5 Qxb5 20. Nxb5 Nd3+ 21. Kd2 Nxc1 22. Rxc1 Rec8 23. Rxc8+ Rxc8 24. Nfd4 Ne4+ 25. Ke1 Rc1+ 26. Ke2 Ra1 27. f3 Ra2+ 28. Kf1 Nd2+ 29. Kg1 Nc4 30. Nc6 a4 0-1